Word Ladder: Fungus Among Us Quiz Stats

 Plays Quiz Updated Nov 13, 2012

Support Sporcle.
Go Orange.
Score 0/17 Timer 02:00
0 Plays Today
Clue 4-Letter Word % Correct
Grape-based alcoholWINE
95.5%
Where you go skatingRINK
94.5%
Half a blinkWINK
93.9%
There's no smoke without itFIRE
93.2%
A thin electrically conductive 'string' of metalWIRE
92.2%
Step on a ladderRUNG
91.7%
Animal feces used as fertilizerDUNG
90.9%
Lengthy, in distance or timeLONG
90.4%
Sound of a gong, or Vietnamese currencyDONG
88.3%
Clue 4-Letter Word % Correct
The outside of cheese, pork or fruitRIND
85.4%
Opposite of aft on a shipFORE
76.3%
Document you fill in with detailsFORM
72.6%
South African currencyRAND
65.7%
When repeated, Chinese pianist living in New YorkLANG
64.6%
TerraLAND
64.5%
◊-◊-◊ With last rung, parasitic fungus. ◊-◊-◊-◊-◊ RING ◊-◊-◊
58.1%
◊-◊-◊ With first rung, parasitic fungus. ◊-◊-◊-◊-◊ WORM ◊-◊-◊
56.6%

Today's Daily Dose

You're not logged in!

Compare scores with friends on all Sporcle quizzes.
OR
Log In

From the Vault

Rock-Paper-Scissors Minefield

by slipkid

Mine beats paper. Mine beats rock. Mine beats scissors.
Remove Ads.
Support Sporcle.
Get the best of Sporcle when you Go Orange. This ad-free experience offers more features, more stats, and more fun while also helping to support Sporcle. Thank you for becoming a member.

Show Comments

Extras

Top Quizzes Today


Score Distribution

Your Account Isn't Verified!

In order to create a playlist on Sporcle, you need to verify the email address you used during registration. Go to your Sporcle Settings to finish the process.

Report this User

Report this user for behavior that violates our Community Guidelines.

Details: